Architecture Life And Me (Record no. 16865)

MARC details
000 -LEADER
fixed length control field 00358nam a2200145Ia 4500
008 - FIXED-LENGTH DATA ELEMENTS--GENERAL INFORMATION
fixed length control field 220803s9999 xx 000 0 und d
020 ## - INTERNATIONAL STANDARD BOOK NUMBER
International Standard Book Number 9788129113771
041 ## - LANGUAGE CODE
Language code of text/sound track or separate title eng
082 ## - DEWEY DECIMAL CLASSIFICATION NUMBER
Classification number 720.22 SHA
100 ## - MAIN ENTRY--PERSONAL NAME
Personal name Sharma S.
9 (RLIN) 26312
245 ## - TITLE STATEMENT
Title Architecture Life And Me
260 ## - PUBLICATION, DISTRIBUTION, ETC. (IMPRINT)
Place of publication, distribution, etc. New Delhi
Name of publisher, distributor, etc. Rupa And Co.
Date of publication, distribution, etc. 2008
300 ## - PHYSICAL DESCRIPTION
Extent 164p
650 ## - SUBJECT ADDED ENTRY--TOPICAL TERM
Topical term or geographic name as entry element Research
9 (RLIN) 26313
Holdings
Withdrawn status Lost status Damaged status Not for loan Collection code Home library Current library Shelving location Date acquired Vendor Cost, normal purchase price Total Checkouts Full call number Barcode Date last seen Cost, replacement price Bill Date Koha item type Original Barcode Date last checked out
        Book of B Arch Dr. Bhanuben Nanavati College of Architecture Dr. Bhanuben Nanavati College of Architecture   07/09/2018 Gmail 200.00   720.22 SHA BNCA-BK-10670 03/08/2022 200.00 14/08/2018 Books B10670  
        Book of B Arch Dr. Bhanuben Nanavati College of Architecture Dr. Bhanuben Nanavati College of Architecture   07/09/2018 Gmail 200.00 1 720.22 SHA BNCA-BK-10671 25/09/2023 200.00 14/08/2018 Books B10671 15/09/2023
      Reference   Dr. Bhanuben Nanavati College of Architecture Dr. Bhanuben Nanavati College of Architecture   12/09/2016 Sangeet Sharma 195.00   720.92 SHA BNCA-DB-1488 03/08/2022   03/08/2022 Donated Book DB001488